000 00807nam a2200217Ia 4500
005 20241129105940.0
008 241129s9999||||xx |||||||||||||| ||und||
020 _a978-93-5518-220-3
037 _aTB
040 _aARTS
_bhin
_cARTS
041 _ahin
_2hin
084 _aYz7 152R2
_qARTS
100 _aहसनैन, नदीम, ले.
245 0 _aभारतीय समाज से सम्बन्धित सामान्य अध्ययन एवं सामायिकी 50 निबन्ध
_cहसनैन, नदीम, ले.
260 _aनई दिल्ली, भारत
_bवाणी प्रकाशन
_c2022
300 _a374पृ0
365 _aINR
_b775
650 _aSociology
942 _cTB
_hYz7 152R2
999 _c1226723
_d1226723